000 00593nam a22001697a 4500
003 OSt
005 20171010095456.0
008 120705t xxu||||| |||| 00| 0 eng d
040 _aMMSU
_cULS
100 _aMabanag, Carol Ann T.
_910981
245 _aSelf-assessment of selected sectors of Vintar, Ilocos Norte on their poverty situation
_cCarol Ann T. Mabanag
260 _c2008
300 _axiv, 118 leaves
_c28 cm.
500 _aThesis (AB Sociology) -- Mariano Marcos State University-College of Arts & Sciences, Batac City
504 _aBibliography: leaf 85
942 _2ddc
_cTHEDIS
999 _c9625
_d9625